000 00291nam a22001337a 4500
008 170306b xxu||||| |||| 00| 0 eng d
020 _a0471568457
041 _aeng
080 _a575
100 _a6
101 _aSHN
245 _aMOERN MICROBIAL GENETICS
_cSTREIPS.U.N
942 _2udc
_cBK
999 _c6808
_d6808